[Event "22nd ch-EUR Indiv 2022"]
[Site "Terme Catez SLO"]
[Date "2022.04.03"]
[Round "8.33"]
[White "Dudin, Gleb"]
[Black "Basso, Pier Luigi"]
[Result "1/2-1/2"]
[WhiteTitle "IM"]
[BlackTitle "GM"]
[WhiteElo "2477"]
[BlackElo "2600"]
[WhiteFideId "34184934"]
[BlackFideId "866970"]
[EventDate "2022.03.27"]

1. c4 e6 2. g3 g6 3. Bg2 Bg7 4. Nf3 Ne7 5. O-O O-O 6. d4 d5 7. Bf4 Nbc6 8. cxd5
exd5 9. Nc3 a6 10. Rc1 h6 11. h4 Bg4 12. Ne5 Nxe5 13. Bxe5 f6 14. Bf4 g5 15.
hxg5 hxg5 16. Bd2 Be6 17. Qb3 Qd7 18. Na4 b6 19. Bb4 Rfe8 20. Bxe7 Rxe7 21. Rc3
Bf7 22. Rfc1 Ra7 23. e3 f5 24. Bh3 Be8 25. Rc6 Bf7 26. Qc2 g4 27. Bg2 Kf8 28. b3
Be8 29. Qb1 Rf7 30. R6c2 Qd6 31. Nb2 c6 32. Nd3 Rae7 33. b4 b5 34. a4 Qh6 35.
Nf4 Qd6 36. Ra2 Bh6 37. Nd3 Rxe3 38. fxe3 Bxe3+ 39. Kf1 Qxg3 40. Re1 f4 41. Rxe3
Qxe3 42. Ne5 f3 43. Nxf7 Bxf7 44. axb5 cxb5 45. Qf5 Qxd4 46. Bxf3 gxf3 47. Qxf3
Qc4+ 48. Re2 Qxb4 49. Qf6 Qb1+ 50. Kf2 Qh7 51. Qd6+ Kg8 52. Re3 Qc2+ 53. Re2 Qg6
54. Qe5 Qh5 55. Qg3+ Qg6 56. Qe5 Qh5 57. Qf4 Qg6 58. Re3 Qc2+ 59. Re2 Qg6 60.
Re5 Qc2+ 61. Kg3 Qd3+ 62. Kf2 Qc2+ 63. Re2 1/2-1/2

[Event "22nd ch-EUR Indiv 2022"]
[Site "Terme Catez SLO"]
[Date "2022.04.03"]
[Round "8.34"]
[White "Gavrilescu, David"]
[Black "Santos Ruiz, Miguel"]
[Result "1/2-1/2"]
[WhiteTitle "IM"]
[BlackTitle "GM"]
[WhiteElo "2512"]
[BlackElo "2597"]
[WhiteFideId "1227190"]
[BlackFideId "22291482"]
[EventDate "2022.03.27"]

1. e4 c5 2. Nf3 d6 3. Bb5+ Bd7 4. Bxd7+ Nxd7 5. O-O Ngf6 6. Qe2 Rc8 7. c3 e6 8.
d4 cxd4 9. cxd4 Be7 10. Nc3 Nb6 11. Bf4 O-O 12. h3 a6 13. Rac1 d5 14. e5 Nfd7
15. Nd2 Nc4 16. b3 Nxd2 17. Bxd2 Ba3 18. Rb1 Qa5 19. b4 Bxb4 20. Nxd5 Qxd5 21.
Bxb4 Rfe8 22. Bd6 Rc4 23. Rxb7 Qxb7 24. Qxc4 Rc8 25. Qd3 h6 26. Rb1 Qd5 27. Qxa6
Ra8 28. Qb7 Qxa2 29. Rc1 Qa4 30. g3 Rd8 31. Rc8 Rxc8 32. Qxc8+ Kh7 33. Qe8 Kg6
34. Qd8 Qb5 35. Qh4 Qb1+ 36. Kg2 Qb7+ 37. Kg1 Qb1+ 38. Kh2 Qf5 39. Qg4+ Qxg4 40.
hxg4 h5 41. gxh5+ Kxh5 42. Bc7 g5 43. Kg2 g4 44. f3 Kg5 45. Bd8+ Kf5 46. Kf2 Nb8
47. Ke3 1/2-1/2

[Event "22nd ch-EUR Indiv 2022"]
[Site "Terme Catez SLO"]
[Date "2022.04.03"]
[Round "8.35"]
[White "Moroni, Luca Jr"]
[Black "Subelj, Jan"]
[Result "1-0"]
[WhiteTitle "GM"]
[BlackTitle "IM"]
[WhiteElo "2588"]
[BlackElo "2468"]
[WhiteFideId "865834"]
[BlackFideId "14618583"]
[EventDate "2022.03.27"]

1. d4 d5 2. c4 c6 3. Nf3 Nf6 4. Nc3 e6 5. Qd3 dxc4 6. Qxc4 b5 7. Qd3 a6 8. g4 c5
9. g5 c4 10. Qe3 Nd5 11. Nxd5 Qxd5 12. Bg2 Bb4+ 13. Kf1 Bb7 14. h4 Qe4 15. b3
Qxe3 16. Bxe3 cxb3 17. axb3 Nd7 18. Ne1 Bxg2+ 19. Kxg2 Bc3 20. Ra2 Ke7 21. Nd3
a5 22. Rc1 b4 23. Bd2 Bxd2 24. Rxd2 Rhb8 25. Ra2 Rb5 26. Rc7 Kd8 27. Rac2 a4 28.
bxa4 Rxa4 29. Ne5 Nxe5 30. dxe5 Rxe5 31. Rxf7 b3 32. Rcc7 Rxh4 33. Rfd7+ Ke8 34.
Rxg7 Kf8 35. Rcf7+ Ke8 36. Ra7 Kf8 37. Rgb7 Rxg5+ 38. Kf3 Rh3+ 39. Kf4 Rf5+ 40.
Kg4 1-0

[Event "22nd ch-EUR Indiv 2022"]
[Site "Terme Catez SLO"]
[Date "2022.04.03"]
[Round "8.36"]
[White "Petkov, Momchil"]
[Black "Wagner, Dennis"]
[Result "1/2-1/2"]
[WhiteTitle "IM"]
[BlackTitle "GM"]
[WhiteElo "2465"]
[BlackElo "2584"]
[WhiteFideId "2921642"]
[BlackFideId "24650684"]
[EventDate "2022.03.27"]

1. d4 Nf6 2. c4 e6 3. g3 d5 4. Bg2 dxc4 5. Nf3 c5 6. O-O Nc6 7. Qa4 Bd7 8. Qxc4
cxd4 9. Nxd4 Rc8 10. Nc3 Nxd4 11. Qxd4 Bc5 12. Qh4 O-O 13. Bxb7 Rb8 14. Bf3 Rb4
15. Qg5 Bd4 16. Qd2 Qc7 17. Nd1 Rfb8 18. a3 Ra4 19. Ne3 h6 20. Rb1 e5 21. b3 Be6
22. b4 Rc8 23. Bb2 Bxb2 24. Qxb2 Qc3 25. Rfc1 Qxb2 26. Rxc8+ Bxc8 27. Rxb2 Rxa3
28. h4 e4 29. Bg2 Be6 30. Kh2 h5 31. Bh3 Bxh3 32. Kxh3 g6 33. Kg2 Kg7 34. b5 1/2-1/2

[Event "22nd ch-EUR Indiv 2022"]
[Site "Terme Catez SLO"]
[Date "2022.04.03"]
[Round "8.37"]
[White "Gagunashvili, Merab"]
[Black "Samadov, Read"]
[Result "1/2-1/2"]
[WhiteTitle "GM"]
[BlackTitle "FM"]
[WhiteElo "2575"]
[BlackElo "2375"]
[WhiteFideId "13601652"]
[BlackFideId "13417444"]
[EventDate "2022.03.27"]

1. d4 Nf6 2. c4 e6 3. Nc3 Bb4 4. Qc2 d5 5. cxd5 exd5 6. Bg5 h6 7. Bh4 O-O 8. e3
c5 9. dxc5 Be6 10. Nf3 Nbd7 11. Nd4 Nxc5 12. a3 Bxc3+ 13. Qxc3 Rc8 14. f3 Re8
15. Qd2 Bd7 16. Be2 Qb6 17. O-O Nb3 18. Nxb3 Qxb3 19. Bxf6 Qxe3+ 20. Qxe3 Rxe3
21. Kf2 Rce8 22. Bc3 Rxe2+ 23. Kg1 f6 24. Rae1 Kf7 25. Rxe2 Rxe2 26. Rf2 Re8 27.
Rd2 Bc6 28. Kf2 h5 29. Bd4 a6 30. h4 Bb5 31. Rc2 Bc6 32. Re2 Rxe2+ 33. Kxe2 1/2-1/2

[Event "22nd ch-EUR Indiv 2022"]
[Site "Terme Catez SLO"]
[Date "2022.04.03"]
[Round "8.38"]
[White "Kjartansson, Gudmundur"]
[Black "Prohaszka, Peter2"]
[Result "0-1"]
[WhiteTitle "GM"]
[BlackTitle "GM"]
[WhiteElo "2450"]
[BlackElo "2573"]
[WhiteFideId "2301318"]
[BlackFideId "726265"]
[EventDate "2022.03.27"]

1. c4 e6 2. Nc3 d5 3. d4 Nf6 4. cxd5 exd5 5. Bg5 c6 6. e3 Bf5 7. Qf3 Bg6 8. Bxf6
Qxf6 9. Qxf6 gxf6 10. Nf3 Nd7 11. Nh4 Be7 12. Ne2 f5 13. g3 Bxh4 14. gxh4 Nf6
15. Bh3 Nh5 16. Ng3 f4 17. Nxh5 Bxh5 18. exf4 Kf8 19. Kd2 Rg8 20. Rhg1 Rxg1 21.
Rxg1 Re8 22. Re1 Rxe1 23. Kxe1 Ke7 24. Kd2 Kd6 25. Bf5 h6 26. Kc3 b6 27. b4 c5
28. bxc5+ bxc5 29. dxc5+ Kxc5 30. a3 Be2 31. Kd2 Bf1 32. Kc3 d4+ 33. Kd2 Kc4 34.
Bc2 f6 35. Ba4 Bg2 36. Bc2 Bc6 37. Bd1 Be4 38. Ba4 Bb1 39. Kc1 Bf5 40. Kd2 Kd5
41. f3 Kc4 42. Bc6 Be6 43. Be8 a5 44. Bg6 Kb3 45. Kd3 Kxa3 46. Kxd4 Kb4 47. Be8
Bc4 48. Ba4 Be2 49. Bc6 Bb5 50. Bd5 a4 51. f5 a3 52. Ba2 Bc6 53. f4 Be8 54. Be6
Ba4 55. Ba2 Bb3 56. Bb1 Bf7 0-1

[Event "22nd ch-EUR Indiv 2022"]
[Site "Terme Catez SLO"]
[Date "2022.04.03"]
[Round "8.39"]
[White "Sahidi, Samir"]
[Black "Van Foreest, Lucas"]
[Result "1/2-1/2"]
[WhiteTitle "IM"]
[BlackTitle "GM"]
[WhiteElo "2432"]
[BlackElo "2572"]
[WhiteFideId "14936372"]
[BlackFideId "1039792"]
[EventDate "2022.03.27"]

1. c4 Nf6 2. Nf3 e6 3. g3 d5 4. Bg2 dxc4 5. Qa4+ Bd7 6. Qxc4 c5 7. Ne5 Qc8 8.
O-O Nc6 9. Nxd7 Qxd7 10. Nc3 Rc8 11. Qa4 a6 12. d3 Be7 13. Bd2 O-O 14. Rac1 Rfd8
15. Rfd1 Nd5 16. Nxd5 exd5 17. Be3 b5 18. Qf4 h6 19. h4 Bd6 20. Qf3 d4 21. Bd2
Bf8 22. a3 Re8 23. Bf4 Qe6 24. Rc2 Ne5 25. Qe4 Qf6 26. Bh3 Rcd8 27. Qf5 Qxf5 28.
Bxf5 g6 29. Be4 Re6 30. a4 c4 31. Bxe5 Rxe5 32. Ra1 Rc5 33. Bb7 Rd6 34. Rac1 Rb6
35. Bf3 cxd3 36. Rxc5 d2 37. Rd1 Bxc5 38. a5 Rd6 39. Rxd2 Bb4 40. Rc2 d3 41.
exd3 Bxa5 42. Bb7 Rxd3 43. Bxa6 Rb3 44. Kg2 Kg7 45. Bb7 Bb6 46. Bd5 Rd3 47. Bf3
Bd4 48. b4 Rb3 49. Bd5 Rb2 50. Rxb2 1/2-1/2

[Event "22nd ch-EUR Indiv 2022"]
[Site "Terme Catez SLO"]
[Date "2022.04.03"]
[Round "8.40"]
[White "Samunenkov, Ihor"]
[Black "Dragnev, Valentin"]
[Result "1-0"]
[WhiteTitle "FM"]
[BlackTitle "GM"]
[WhiteElo "2372"]
[BlackElo "2546"]
[WhiteFideId "14187086"]
[BlackFideId "1634852"]
[EventDate "2022.03.27"]

1. d4 Nf6 2. Nf3 e6 3. g3 Be7 4. Bg2 O-O 5. c4 d5 6. Qc2 c5 7. dxc5 Qa5+ 8. Nc3
dxc4 9. O-O Nc6 10. Bg5 Qxc5 11. Bxf6 gxf6 12. Ne4 Qb5 13. Rfd1 e5 14. Nc3 Qc5
15. Nh4 Nd4 16. Qc1 Kg7 17. e3 Nf5 18. Bxb7 Rb8 19. Bxc8 Qxc8 20. Nxf5+ Qxf5 21.
Nd5 Bc5 22. Rd2 Rfc8 23. Qc2 Qe6 24. Rc1 Bb6 25. Qa4 Rc5 26. e4 Rbc8 27. Qd1
R5c6 28. Qf3 Bd4 29. Kg2 Rd6 30. Nxf6 Rb8 31. Nd5 Rc6 32. Qe2 Rbc8 33. Rdc2 f5
34. Rxc4 Rxc4 35. Rxc4 Rxc4 36. Qxc4 fxe4 37. Ne3 Qf6 38. Qe2 Kh8 39. b3 a6 40.
Nc4 Qc6 41. Kg1 Qc5 42. Kf1 Qc6 43. Ke1 Qd5 44. Nd2 Qa5 45. Qxe4 Bxf2+ 46. Ke2
Bd4 47. Qc2 Qd5 48. Ne4 Qe6 49. Kd3 Qd7 50. Qc4 Qh3 51. Qf7 h6 52. Qf8+ Kh7 53.
Nf6+ Kg6 54. Nd5 Qf5+ 55. Qxf5+ Kxf5 56. Ne3+ Ke6 57. Ke4 h5 58. h3 Bc5 59. g4
Kf6 60. gxh5 Kg5 61. Nc4 Kxh5 62. Kxe5 1-0

[Event "22nd ch-EUR Indiv 2022"]
[Site "Terme Catez SLO"]
[Date "2022.04.03"]
[Round "8.41"]
[White "Donchenko, Alexander"]
[Black "Cvitan, Ognjen"]
[Result "1/2-1/2"]
[WhiteTitle "GM"]
[BlackTitle "GM"]
[WhiteElo "2636"]
[BlackElo "2458"]
[WhiteFideId "24603295"]
[BlackFideId "14500086"]
[EventDate "2022.03.27"]

1. e4 c5 2. Nf3 d6 3. d4 cxd4 4. Nxd4 Nf6 5. Nc3 a6 6. h3 e5 7. Nb3 Be7 8. g4 h6
9. Be3 Nbd7 10. a4 b6 11. Qd2 Bb7 12. Bg2 O-O 13. O-O Rc8 14. Rad1 Re8 15. f4
Qc7 16. Qf2 exf4 17. Bxf4 Bf8 18. Bg3 Ne5 19. Bh4 Nh7 20. Nd4 Nc4 21. Rde1 Nxb2
22. Nd5 Bxd5 23. exd5 Nxa4 24. Nc6 Ng5 25. Qf4 Nc5 26. Bxg5 hxg5 27. Qxg5 Qd7
28. Rb1 Re2 29. Rxb6 Rce8 30. Rf2 Re1+ 31. Kh2 Be7 32. Nxe7+ R1xe7 33. Qf5 Qxf5
34. gxf5 Rd8 35. f6 Ra7 36. fxg7 Kxg7 37. Bf1 a5 38. Rf3 a4 39. Ra3 Kf6 40. Rb4
Re8 41. Bb5 Re1 42. Rf4+ Ke7 43. h4 Re5 44. Bd3 Nxd3 45. cxd3 Rxd5 46. Kg3 f5
47. Kf3 Kf6 48. Ke3 Re5+ 49. Kd2 Rea5 50. Ke3 Ke5 51. Rb4 Ra8 1/2-1/2

[Event "22nd ch-EUR Indiv 2022"]
[Site "Terme Catez SLO"]
[Date "2022.04.03"]
[Round "8.42"]
[White "Vetoshko, Volodymyr"]
[Black "Bartel, Mateusz"]
[Result "0-1"]
[WhiteTitle "GM"]
[BlackTitle "GM"]
[WhiteElo "2507"]
[BlackElo "2616"]
[WhiteFideId "14122480"]
[BlackFideId "1112635"]
[EventDate "2022.03.27"]

1. e4 c6 2. d4 d5 3. exd5 cxd5 4. Bd3 Nc6 5. c3 Qc7 6. Na3 a6 7. Nc2 e6 8. Nf3
Bd6 9. O-O Nge7 10. Re1 Bd7 11. g3 f6 12. b3 O-O 13. c4 b6 14. Bb2 Qb7 15. Rc1
b5 16. cxd5 exd5 17. Ne3 Nd8 18. h4 Nf7 19. Bb1 g6 20. h5 Kg7 21. Qd3 b4 22. Kg2
Nh6 23. hxg6 Bb5 24. Qd2 hxg6 25. Rh1 Rh8 26. Rce1 Bd7 27. Bc1 Nf7 28. Rh4 Rxh4
29. Nxh4 Ng5 30. Rh1 Rh8 31. Qe1 Qc8 32. f3 Bh3+ 33. Kf2 Qc7 34. Rg1 Bd7 35. Kg2
Bh3+ 36. Kf2 a5 37. Bd2 Bxg3+ 38. Rxg3 Rxh4 39. Qc1 Qxc1 40. Bxc1 Ne6 41. Bb2 f5
42. Rg1 f4 43. Ng2 Bxg2 44. Kxg2 Kf6 45. Rc1 Ng5 46. Bd3 Rh3 47. Be2 Rg3+ 48.
Kf2 Nh3+ 49. Ke1 Ng1 0-1

[Event "22nd ch-EUR Indiv 2022"]
[Site "Terme Catez SLO"]
[Date "2022.04.03"]
[Round "8.43"]
[White "Brkic, Ante"]
[Black "Maurizzi, Marc'Andria"]
[Result "1/2-1/2"]
[WhiteTitle "GM"]
[BlackTitle "GM"]
[WhiteElo "2607"]
[BlackElo "2493"]
[WhiteFideId "14506688"]
[BlackFideId "36083534"]
[EventDate "2022.03.27"]

1. e4 e5 2. Nf3 Nf6 3. Nxe5 d6 4. Nf3 Nxe4 5. d4 d5 6. Bd3 Bd6 7. O-O O-O 8. c4
c6 9. Nc3 Nxc3 10. bxc3 dxc4 11. Bxc4 Bf5 12. Bg5 Qa5 13. d5 Ba3 14. Qb3 Nd7 15.
Nd4 Nc5 16. Qd1 Be4 17. Be7 Rfe8 18. Nb3 Nxb3 19. axb3 Rxe7 20. b4 Qd8 21. Rxa3
cxd5 22. Ba2 Qb6 23. Bxd5 Rd8 24. c4 Red7 25. Qa4 Bxd5 26. cxd5 Rxd5 27. Qxa7
Qxb4 28. Raa1 b5 29. Qb7 g6 30. g3 Qd6 31. Rfe1 Re5 32. Rxe5 Qxe5 33. Ra7 Qf5
34. Kg2 Rd5 35. Ra8+ Kg7 36. Qe7 Rd3 37. Qf8+ Kf6 38. Ra6+ Kg5 39. Qe7+ Kh6 40.
Rf6 Qd5+ 41. Kh3 Qh5+ 42. Kg2 Qd5+ 43. Kh3 Rf3 44. Qf8+ Kg5 45. Rxf3 Qxf3 46.
Qd8+ Kh6 47. Qf8+ Kh5 48. Qc5+ f5 49. Qxb5 Qxf2 50. Qc4 Kh6 51. Qh4+ Kg7 1/2-1/2

[Event "22nd ch-EUR Indiv 2022"]
[Site "Terme Catez SLO"]
[Date "2022.04.03"]
[Round "8.44"]
[White "Saraci, Nderim"]
[Black "Erdos, Viktor"]
[Result "1/2-1/2"]
[WhiteTitle "IM"]
[BlackTitle "GM"]
[WhiteElo "2488"]
[BlackElo "2607"]
[WhiteFideId "6351921"]
[BlackFideId "719978"]
[EventDate "2022.03.27"]

1. Nf3 c5 2. g3 Nc6 3. c4 Nf6 4. Bg2 d5 5. cxd5 Nxd5 6. O-O e5 7. Nc3 Be6 8. d3
Be7 9. Bd2 O-O 10. Nxd5 Bxd5 11. Bc3 f6 12. a4 Qd7 13. Nd2 Bf7 14. Nc4 Rab8 15.
e3 Bd8 16. Qe2 Bc7 17. Rfd1 Rfe8 18. Rab1 b6 19. Qc2 Rec8 20. Be4 Re8 21. b4
cxb4 22. Bxb4 Nxb4 23. Rxb4 f5 24. Bf3 Red8 25. d4 exd4 26. Rxd4 Qe7 27. Rb5
Rxd4 28. exd4 f4 29. Be4 g6 30. Ne5 Bxe5 31. Rxe5 Qd6 32. Qc3 fxg3 33. hxg3 a6
34. Bd3 Rd8 35. Re4 Bd5 36. Bc4 b5 37. axb5 axb5 38. Bxd5+ Qxd5 39. Re5 Qxd4 40.
Qxd4 Rxd4 41. Rxb5 1/2-1/2

[Event "22nd ch-EUR Indiv 2022"]
[Site "Terme Catez SLO"]
[Date "2022.04.03"]
[Round "8.45"]
[White "Ivanisevic, Ivan"]
[Black "Gorshtein, Ido"]
[Result "1/2-1/2"]
[WhiteTitle "GM"]
[BlackTitle "IM"]
[WhiteElo "2601"]
[BlackElo "2445"]
[WhiteFideId "912417"]
[BlackFideId "2815532"]
[EventDate "2022.03.27"]

1. d4 Nf6 2. c4 e6 3. Nc3 Bb4 4. Qc2 O-O 5. e4 d5 6. e5 Ne4 7. Bd3 c5 8. Nf3
cxd4 9. Nxd4 Nd7 10. Bf4 Ndc5 11. O-O Nxd3 12. Qxd3 Nxc3 13. bxc3 Be7 14. Qg3
Kh8 15. Rad1 Qb6 16. Nf3 Qc6 17. Bg5 Bxg5 18. Nxg5 h6 19. Nh3 dxc4 20. Nf4 Qe4
21. Nh5 Qg6 22. Qh4 Qg5 23. Qxg5 hxg5 24. f4 g4 25. h3 b5 26. hxg4 Bb7 27. f5
Rfd8 28. Nf4 a5 29. a3 Be4 30. fxe6 fxe6 31. Nxe6 Rxd1 32. Rxd1 b4 33. cxb4 axb4
34. axb4 c3 35. Kf2 c2 36. Rh1+ Kg8 37. Ke3 Rb8 38. Nd4 Rxb4 39. Rc1 Bg6 40. Nf5
Rxg4 41. Ne7+ Kf7 42. Nxg6 Kxg6 43. Rxc2 Kf5 44. Kf3 Rf4+ 45. Kg3 Rg4+ 46. Kh3
Re4 47. Rc7 g6 48. Rf7+ Kxe5 49. Re7+ Kf5 50. Rxe4 Kxe4 51. Kg4 Ke3 52. Kg5 Kf2
53. Kxg6 Kg3 54. Kg5 Kxg2 1/2-1/2

[Event "22nd ch-EUR Indiv 2022"]
[Site "Terme Catez SLO"]
[Date "2022.04.03"]
[Round "8.46"]
[White "Pechac, Jergus"]
[Black "Murphy, Conor E"]
[Result "1-0"]
[WhiteTitle "GM"]
[BlackTitle "IM"]
[WhiteElo "2599"]
[BlackElo "2427"]
[WhiteFideId "14926970"]
[BlackFideId "421669"]
[EventDate "2022.03.27"]

1. c4 e6 2. Nc3 d5 3. d4 Nf6 4. Bg5 Be7 5. e3 h6 6. Bh4 O-O 7. Nf3 Ne4 8. Bxe7
Qxe7 9. cxd5 Nxc3 10. bxc3 exd5 11. Qb3 Rd8 12. a4 c5 13. Qa3 Be6 14. Bd3 Nd7
15. O-O Rac8 16. a5 Bg4 17. Nd2 Qg5 18. Rfb1 Rc7 19. Rb2 Bh3 20. Bf1 Bf5 21. Rb5
Qe7 22. Ra2 Qd6 23. Rab2 b6 24. Nb3 Qc6 25. dxc5 bxc5 26. a6 Rdc8 27. Rd2 Be4
28. Qa5 Rb8 29. f3 Bg6 30. e4 Rb6 31. exd5 Qd6 32. Rxb6 Nxb6 33. Qb5 Bf5 34.
Qe8+ Kh7 35. c4 Bc8 36. Bd3+ g6 37. Re2 Bxa6 38. Nd2 Kg7 39. Ne4 Qe7 40. Qb8 Rc8
41. Qg3 Rd8 42. f4 Bc8 43. Qe1 Bg4 44. Re3 Re8 45. h3 Bd7 46. d6 Qe6 47. Qa1+ f6
48. Rg3 Qf5 49. Nxf6 1-0

[Event "22nd ch-EUR Indiv 2022"]
[Site "Terme Catez SLO"]
[Date "2022.04.03"]
[Round "8.47"]
[White "Iturrizaga Bonelli, Eduardo"]
[Black "Stoyanov, Tsvetan"]
[Result "1-0"]
[WhiteTitle "GM"]
[BlackTitle "IM"]
[WhiteElo "2594"]
[BlackElo "2424"]
[WhiteFideId "3901211"]
[BlackFideId "2917173"]
[EventDate "2022.03.27"]

1. c4 e5 2. g3 c6 3. d4 Bb4+ 4. Bd2 Bxd2+ 5. Qxd2 d6 6. Nc3 Nf6 7. Bg2 O-O 8. e4
Qa5 9. Nge2 Bg4 10. f3 Be6 11. d5 Bd7 12. g4 Ne8 13. h4 cxd5 14. Nxd5 Qxd2+ 15.
Kxd2 Be6 16. Ke3 Bxd5 17. cxd5 a5 18. g5 Na6 19. Bh3 a4 20. Rac1 Nec7 21. Ng3 g6
22. h5 Rfd8 23. Bg4 Nb5 24. Rh2 a3 25. hxg6 hxg6 26. Rch1 Kf8 27. Nf5 Ke8 28.
Nh6 Ke7 29. Nxf7 Rf8 30. Be6 Nc5 31. Rh7 axb2 32. Nxe5+ Kd8 33. Nc4 Rxa2 34. Bg4
Nc3 35. Nxd6 Ra1 36. Nxb7+ Nxb7 37. Rd7+ Ke8 38. Rhh7 Re1+ 39. Kd4 Nxd5 40. Rxb7
b1=Q 41. Rxb1 Rxb1 42. exd5 Rf7 43. Rh6 Ke7 44. Rxg6 Rd1+ 45. Kc5 Rc1+ 46. Kb6
Rb1+ 47. Kc7 Ke8+ 48. Kc6 Rc1+ 49. Kd6 Kf8 50. Be6 Rg7 51. Rf6+ Ke8 52. Rh6 1-0

[Event "22nd ch-EUR Indiv 2022"]
[Site "Terme Catez SLO"]
[Date "2022.04.03"]
[Round "8.48"]
[White "Baklan, Vladimir"]
[Black "Tratar, Marko"]
[Result "1-0"]
[WhiteTitle "GM"]
[BlackTitle "GM"]
[WhiteElo "2591"]
[BlackElo "2417"]
[WhiteFideId "14102196"]
[BlackFideId "14600684"]
[EventDate "2022.03.27"]

1. e4 e6 2. d4 d5 3. e5 c5 4. c3 Nc6 5. Nf3 Nge7 6. Na3 cxd4 7. cxd4 Nf5 8. Nc2
Bd7 9. Bd3 Qb6 10. O-O a5 11. a3 a4 12. Bxf5 exf5 13. Bd2 h6 14. Bc3 Be7 15.
Nfe1 Be6 16. Nd3 h5 17. Ndb4 f4 18. Rc1 Rc8 19. Qf3 Bxb4 20. axb4 g5 21. h4 Qd8
22. hxg5 Qxg5 23. Bd2 Rg8 24. b5 Ne7 25. Bxf4 Qg6 26. Ne3 Kd7 27. Bg3 Rxc1 28.
Rxc1 Rc8 29. Ra1 Qe4 30. Qxe4 dxe4 31. Rxa4 Rc1+ 32. Kh2 Nd5 33. Rc4 Rxc4 34.
Nxc4 Nb4 35. Nd6 Bd5 36. Kh3 Nc2 37. Kh4 e3 38. fxe3 Nxe3 39. Kxh5 Ke6 40. Kg5
Nc4 41. Ne8 Bxg2 42. Nc7+ Ke7 43. d5 Bh3 44. Kh6 Ne3 45. Kh7 Nf5 46. Bf2 Kd7 47.
b6 Bg4 48. Kg8 Bh5 49. Kf8 Kc8 50. Ne8 Bg6 51. Nf6 Kd8 52. Bc5 Nh6 53. e6 fxe6
54. Be7+ Kc8 55. d6 1-0

[Event "22nd ch-EUR Indiv 2022"]
[Site "Terme Catez SLO"]
[Date "2022.04.03"]
[Round "8.50"]
[White "Kadric, Denis"]
[Black "Injac, Teodora"]
[Result "1/2-1/2"]
[WhiteTitle "GM"]
[BlackTitle "WGM"]
[WhiteElo "2573"]
[BlackElo "2407"]
[WhiteFideId "14403803"]
[BlackFideId "932400"]
[EventDate "2022.03.27"]

1. e4 e5 2. Nf3 Nc6 3. Bc4 Bc5 4. O-O Nf6 5. d3 d6 6. c3 a5 7. Re1 h6 8. h3 g5
9. d4 Ba7 10. dxe5 dxe5 11. Qxd8+ Kxd8 12. Bxf7 g4 13. hxg4 Nxg4 14. Rf1 Ke7 15.
Bh5 Rf8 16. Nbd2 Be6 17. b3 b5 18. Ba3+ b4 19. cxb4 axb4 20. Rac1 Kd6 21. Bb2
Nxf2 22. Rxf2 Bxf2+ 23. Kxf2 Rxa2 24. Rb1 Nd4 25. Ke3 c5 26. Kd3 Rg8 27. Nxd4
cxd4 28. Bf3 Bg4 29. Nc4+ Ke6 30. Rh1 h5 31. Bxg4+ Rxg4 32. Rxh5 Rg3+ 33. Kc2
Rxg2+ 34. Kb1 Raxb2+ 35. Nxb2 Rg3 36. Nc4 Rxb3+ 37. Ka2 Rc3 38. Rxe5+ Kf6 39.
Rc5 d3 40. Rf5+ Ke6 1/2-1/2

[Event "22nd ch-EUR Indiv 2022"]
[Site "Terme Catez SLO"]
[Date "2022.04.03"]
[Round "8.51"]
[White "Mirzoev, Emil"]
[Black "Alonso Rosell, Alvar"]
[Result "1/2-1/2"]
[WhiteTitle "GM"]
[BlackTitle "GM"]
[WhiteElo "2475"]
[BlackElo "2565"]
[WhiteFideId "14108640"]
[BlackFideId "2270544"]
[EventDate "2022.03.27"]

1. c4 e5 2. Nc3 Bb4 3. Qc2 Nf6 4. Nf3 Bxc3 5. bxc3 d6 6. e4 O-O 7. Be2 h6 8. O-O
Nc6 9. h3 Nh7 10. d4 Re8 11. Be3 Qf6 12. Rab1 b6 13. Kh1 Nf8 14. c5 dxc5 15. Bb5
exd4 16. cxd4 a6 17. e5 Qe6 18. Bc4 Qf5 19. Bd3 Qh5 20. Be4 Bd7 21. dxc5 Rac8
22. Qc3 1/2-1/2

[Event "22nd ch-EUR Indiv 2022"]
[Site "Terme Catez SLO"]
[Date "2022.04.03"]
[Round "8.52"]
[White "Neverov, Valeriy"]
[Black "Livaic, Leon"]
[Result "0-1"]
[WhiteTitle "GM"]
[BlackTitle "IM"]
[WhiteElo "2453"]
[BlackElo "2563"]
[WhiteFideId "14100150"]
[BlackFideId "14531534"]
[EventDate "2022.03.27"]

1. Nf3 d5 2. g3 Nd7 3. d4 Nb6 4. Bg2 Nf6 5. O-O Bf5 6. b3 e6 7. Bb2 h6 8. c4 c6
9. Nbd2 Be7 10. Rc1 O-O 11. e3 a5 12. Qe2 Nbd7 13. a3 Ne4 14. Rfd1 Qb6 15. c5
Qc7 16. Ne1 Nxd2 17. Rxd2 e5 18. b4 axb4 19. axb4 e4 20. b5 Nf6 21. Nc2 Bg4 22.
Qe1 Nh7 23. h3 Be6 24. Qf1 h5 25. h4 g5 26. hxg5 Nxg5 27. Ne1 Bg4 28. b6 Qc8 29.
Ra1 Qf5 30. Bc3 Kg7 31. Rda2 Rab8 32. Bh1 Rh8 33. f4 exf3 34. Rh2 Ne4 35. Rc1
Bg5 0-1

[Event "22nd ch-EUR Indiv 2022"]
[Site "Terme Catez SLO"]
[Date "2022.04.03"]
[Round "8.53"]
[White "Godena, Michele"]
[Black "Stocek, Jiri"]
[Result "1-0"]
[WhiteTitle "GM"]
[BlackTitle "GM"]
[WhiteElo "2442"]
[BlackElo "2555"]
[WhiteFideId "800090"]
[BlackFideId "304760"]
[EventDate "2022.03.27"]

1. e4 c5 2. c3 Nf6 3. e5 Nd5 4. Nf3 e6 5. Bc4 b6 6. O-O Bb7 7. d4 Be7 8. dxc5
bxc5 9. Nbd2 O-O 10. Ne4 Ne3 11. Bxe3 Bxe4 12. Bd3 Bb7 13. Qe2 Nc6 14. Rad1 Qc7
15. Bg5 f6 16. exf6 Bxf6 17. Bxf6 Rxf6 18. Ng5 g6 19. Ne4 Rf5 20. Nd6 Rh5 21.
Be4 Nd4 22. cxd4 Qxd6 23. h3 Bd5 24. dxc5 Qxc5 25. Bxd5 Rxd5 26. Qe4 Rf8 27.
Rxd5 exd5 28. Qd3 Qc4 29. Rd1 Qxa2 30. Qxd5+ Qxd5 31. Rxd5 Rf7 32. Rd6 Kf8 33.
Ra6 d5 34. Rd6 Rb7 35. Rxd5 Ke7 36. Ra5 Ke6 37. g4 Kf6 38. h4 Rxb2 39. Rxa7 h5
40. g5+ Kf5 41. Kg2 Rb4 42. Kg3 Rg4+ 43. Kh3 Rf4 44. Ra6 Ke5 45. Rxg6 Rxf2 46.
Rh6 Ra2 47. Rxh5 Ra3+ 48. Kg4 Ra4+ 49. Kf3 Ra3+ 50. Ke2 Kf5 51. Rh6 Ra2+ 52. Kd3
Ra3+ 53. Kc4 Ra4+ 54. Kb5 Ra1 55. g6 Kf6 56. h5 Kg7 57. Rh7+ Kg8 58. Kc6 Rd1 59.
Rd7 Rh1 60. Rd5 Kg7 61. Rg5 Rh2 62. Kd6 Rh1 63. Ke6 Re1+ 64. Kf5 Rh1 65. Kf4
Rf1+ 66. Ke3 Re1+ 67. Kf3 Rh1 68. Kf2 Rh2+ 69. Kg1 Rh3 70. Kg2 Rh4 71. Kg3 Rh1
72. Rf5 Kh6 73. Kf4 Re1 74. Re5 Rh1 75. Ke4 Rh2 76. Kd5 Rh1 77. Ke6 Kg7 78. Ke7
Ra1 79. Ke8 Ra8+ 80. Kd7 Ra7+ 81. Kd6 Ra6+ 82. Kd5 Kh6 83. Re8 Rf6 84. Rh8+ Kg7
85. Rh7+ Kg8 86. Ke5 Rf1 87. Ra7 1-0